| 000 | 00582nam a2200193Ia 4500 | ||
|---|---|---|---|
| 003 | GCL | ||
| 008 | 140319s9999 xx 000 0 ara d | ||
| 040 |
_aGCL / _cGCL |
||
| 082 | 0 | 4 |
_a823.1 _bف ق |
| 100 | 1 | _aيونس شاهين | |
| 245 | 1 | 0 |
_aقداس لراهبة / _cيونس شاهين |
| 700 | 1 | _aفوكز، وليم | |
| 300 | _a250 ص | ||
| 490 |
_aروايات عالمية _v0 |
||
| 650 | 0 | 4 | _aالقصة الانجليزية المترجمة |
| 650 | 0 | 4 | _aالادب الانجليزى المترجم |
| 650 | 0 | 4 | _aالقصة الانجليزية |
| 942 |
_2ddc _cBK |
||
| 999 |
_c40083 _d40083 |
||